000 00640nam a2200193Ia 4500
003 GCL
008 140319s9999 xx 000 0 ara d
040 _aGCL /
_cGCL
082 0 4 _aط
_b813.081
_bح ح
100 1 _aحسين مؤنس
245 1 0 _aحكايات من الاندلس \ المخترع الصغير - عباس وسر الساعة /
_cحسين مؤنس
260 _aالقاهرة :
_bدار المعارف ،
_c1989
300 _aمتعدد ؛
_c24 سم
490 _aحكايات من الاندلس
_v0
650 0 4 _aالاطفال
650 0 4 _aالقصص
650 0 4 _aالتراجم الذاتية
942 _2ddc
_cBK
999 _c27906
_d27906